Completa il testo! - In ogni parte del mio corazon - Statistics

Statistiche generali
  • Questo quiz è stato fatto 17 volte
  • Il punteggio medio è 83 su 123
Statistiche sulle risposte
Testo % Corretto
A
100%
Dal
100%
Del
100%
I
100%
Mi
100%
O
100%
Ogni
100%
Parte
100%
Corazon
91%
In
91%
Mio
91%
Che
82%
Di
82%
Per
82%
Tu
82%
Un
73%
Anche
64%
Cuore
64%
E
64%
È
64%
Miei
64%
Più
64%
Amore
55%
Avremo
55%
Chiamami
55%
Legame
55%
Mia
55%
Nostro
55%
Pazzo
55%
Questa
55%
So
55%
Te
55%
Una
55%
Aperto
45%
Battito
45%
Canterò
45%
Canzone
45%
C'eri
45%
Familia
45%
Gente
45%
Ho
45%
Melodia
45%
Nel
45%
Nota
45%
Nuova
45%
Occhi
45%
Oiga
45%
Ora
45%
Però
45%
Sempre
45%
Vive
45%
Coro
36%
Ditelo
36%
Nasce
36%
Sogno
36%
Tutti
36%
Canten
27%
Ay
18%
Nessun quiz corrispondente trovato
Distribuzione punteggi
Percentuale di utenti per punteggio
Percentile per numero di risposta
I tuoi punteggi nel tempo
Non hai fatto questo quiz